00929nam a22002657a 45000010005000000030006000050050017000110080041000280200018000690400029000870500012001160820011001281000018001392450074001572600038002313000043002694900023003125050008003355200180003435210023005235210020005466500027005666500036005937000034006295169FISKH20241108122519.0241108b cb ||||| |||| 00| 0 eng d a9780439944588 aFISKHbengcFISKHdFISKH aQE521.3 a551.21 aGaneri, Anita aViolent Volcanoes / cby Anita Ganeri : illustrated by Mike Phillips  aNew York : bScholastic ;c1999 . a128 pages : billustrations;c21 cm .  aHorrible Geography aZ  aWhere in the world can you find red-hot volcanic rocks the size of cars? Visit geysers that could boil you alive? Sniff some stinky sulfur? Get the facts in Violent Volcanoes!8 a930 bLexile IG 8 aZ bRaz-Plus  avolcanoesvnon-fiction a natural disastersvnon-fiction aPhillips , Mikedillustrator